TİMURLULAR ZAMANINDA HİNDİSTAN TÜRK İMPARATORLUĞU (Record no. 1120836)

MARC details
000 -LEADER
sabit uzunluktaki kontrol alanı 00289nam a2200097Ia 4500
001 - KONTROL NUMARASI
kontrol alanı 1120836
005 - EN SON İŞLEMİN TARİH VE ZAMANI
kontrol alanı 20250827004632.0
008 - SABİT-UZUNLUKTA VERİ ÖĞELERİ--GENEL BİLGİ
sabit uzunluktaki kontrol alanı 250824s9999 xx 000 0 und d
245 #0 - ESER / YAZAR
ESER ADI TİMURLULAR ZAMANINDA HİNDİSTAN TÜRK İMPARATORLUĞU
Yazar Adı ÖMER HALİS BIYIKTAY
260 ## - YAYIN, DAĞITIM, VB.
YAYIN EVİ PANAMA YAYINLARI
Holdings
Düşüm durumu Kayıp durumu Hasar Durumu Ödünç verilmez Ana kütüphane Geçerli Kütüphane Edinilen tarih Toplam ödünç verme sayısı Barkod Son görüntüleme tarihi Fiyatın geçerli olmaya başladığı tarih Koha materyal türü
        SELÇUKLU BİLİM VE SANAT MERKEZİ SELÇUKLU BİLİM VE SANAT MERKEZİ 24.08.2025   1091451 27.08.2025 27.08.2025 Books